| 000 | 01320nam a2200241Ia 4500 | ||
|---|---|---|---|
| 003 | Ost | ||
| 005 | 20260507075409.0 | ||
| 008 | 260507s9999||||xx |||||||||||||| ||und|| | ||
| 040 | _cfsecg | ||
| 041 | _aara | ||
| 082 | _a330 | ||
| 100 |
_aعبد ربه، إبراهيم علي إبراهيم _eمؤلف |
||
| 245 | 0 |
_aالخطر والتأمين / _c إبراهيم علي إبراهيم عبد ربه |
|
| 260 |
_aالإسكندرية: _bدار المطبوعات الجامعية, _c2008 |
||
| 300 |
_a531 صفحة؛ _bإيضاحات ؛ _c25 سم |
||
| 504 | _aالمراجع ص.527 | ||
| 520 | _aيضم مفهوم الخطر، التأمين نشأته وتطوره والتقسيمات المختلفة له والمبادئ التي يقوم عليها وأهميته، التأمين على الحياة، الأقساط الوحيدة الصافية، الأقساط السنوية الصافية، القسط التجاري، تأمين السيارات، التأمين على الحريق، التأمين البحري، إعادة التأمين، التأمين الاجتماعي | ||
| 653 | _aإعادة التأمين | ||
| 653 | _aالتأمين - البنوك | ||
| 653 | _aالتأمين - المخاطر | ||
| 653 | _aالتأمين الإجتماعي- الجزائر | ||
| 942 | _cكتاب | ||
| 999 |
_c44357 _d44357 |
||